01092nam a2200277Ia 4500001001200000003000800012006001900020007001500039008004100054020001500095040002100110035002100131050002400152245009000176260005900266300001000325490006500335533015200400650002700552650002600579655002900605700002000634710001700654856012600671999001700797ebr10085682CaPaEBRm u cr cn|||||||||000815s2005 enk s 000 0 eng d z1845441265 aCaPaEBRcCaPaEBR a(OCoLC)13316262614aHF5549b.V65 2005eb00aVoice and non-union workplaceh[electronic resource] /cguest editor: Paul J. Gollan. aBradford, England :bEmerald Group Publishing,cc2005. a92 p.0 aEmployee relations the international journal ;vv. 27, no. 3 aElectronic reproduction.bPalo Alto, Calif. :cebrary,d2009.nAvailable via World Wide Web.nAccess may be limited to ebrary affiliated libraries. 0aIndustrial management. 0aPersonnel management. 7aElectronic books.2local1 aGollan, Paul J.2 aebrary, Inc.40uhttp://site.ebrary.com/lib/rucke/Doc?id=10085682zAn electronic book accessible through the World Wide Web; click to view c49796d49796